[Event "Schachfestival Open-A 2018"]
[Site "Lueneburg"]
[Date "2018.07.11"]
[Round "7"]
[White "Weishaeutel, Moritz"]
[Black "Matzat, Andre"]
[Result "1-0"]
[WhiteElo "2236"]
[BlackElo "2081"]
[Annotator "NA"]
[PlyCount "95"]
[EventDate "2018.07.06"]
[EventType "swiss"]
[EventCountry "GER"]
[SourceTitle "playchess.com"]
[Source "ChessBase"]
[SourceQuality "1"]
[TimeControl "40/5400+30:1800+30"]

1. e4 {[%emt 0:00:00]} c5 {[%emt 0:00:00]} 2. Nc3 {[%emt 0:00:18]} e6 {[%emt 0:00:08]} 3. Nge2 {[%emt 0:01:17]} a6 {[%emt 0:00:28]} 4. g3 {[%emt 0:04:28]} b5 {[%emt 0:01:14]} 5. d4 {[%emt 0:04:20]} cxd4 {[%emt 0:01:00]} 6. Nxd4 {[%emt 0:00:25]} Bb7 {[%emt 0:00:06]} 7. Bg2 {[%emt 0:01:02]} Nf6 {[%emt 0:00:08]} 8. Qd3 {[%emt 0:03:52]} d6 {[%emt 0:04:32]} 9. O-O {[%emt 0:07:14]} Nbd7 {[%emt 0:00:35]} 10. a3 {[%emt 0:05:03]} Be7 {[%emt 0:02:45]} 11. Qe2 {[%emt 0:05:00]} Ne5 {[%emt 0:05:02]} 12. f4 {[%emt 0:12:38]} Qb6 {[%emt 0:03:52]} 13. Be3 {[%emt 0:02:44]} Neg4 {[%emt 0:00:51]} 14. Nf5 {[%emt 0:09:07]} Nxe3 {[%emt 0:00:21]} 15. Qxe3 {[%emt 0:00:04]} Qxe3+ {[%emt 0:00:32]} 16. Nxe3 {[%emt 0:00:01]} Bd8 {[%emt 0:06:49]} 17. Rfe1 {[%emt 0:12:15]} Bb6 {[%emt 0:00:26]} 18. Kh1 {[%emt 0:10:00]} Rc8 {[%emt 0:08:33]} 19. Rad1 {[%emt 0:01:36]} Rxc3 {[%emt 0:04:17]} 20. bxc3 {[%emt 0:00:08]} Nxe4 {[%emt 0:00:26]} 21. Ng4 {[%emt 0:06:43]} d5 {[%emt 0:09:02]} 22. Bxe4 {[%emt 0:03:32]} dxe4 {[%emt 0:00:12]} 23. Ne3 {[%emt 0:00:03]} Ke7 {[%emt 0:01:10]} 24. c4 {[%emt 0:01:34]} Rc8 {[%emt 0:05:26]} 25. Rb1 {[%emt 0:03:34]} Ba7 {[%emt 0:05:20]} 26. cxb5 {[%emt 0:01:06]} Bd4 {[%emt 0:04:39]} 27. bxa6 {[%emt 0:00:48]} Bxa6 {[%emt 0:00:21]} 28. Kg2 {[%emt 0:02:12]} f5 {[%emt 0:01:50]} 29. g4 {[%emt 0:01:12]} g6 {[%emt 0:00:39]} 30. c4 {[%emt 0:01:10]} h6 {[%emt 0:00:51]} 31. h4 {[%emt 0:00:17]} Bc5 {[%emt 0:03:08]} 32. g5 {[%emt 0:01:43]} h5 {[%emt 0:00:25]} 33. a4 {[%emt 0:00:25]} Rd8 {[%emt 0:00:17]} 34. Rbd1 {[%emt 0:00:17]} Ra8 {[%emt 0:06:21]} 35. Rb1 {[%emt 0:00:13]} Ra7 {[%emt 0:00:18]} 36. Kf2 {[%emt 0:00:56]} e5 {[%emt 0:02:47]} 37. Ke2 {[%emt 0:00:35]} Ke6 {[%emt 0:00:48]} 38. Ng2 {[%emt 0:00:35]} Bxc4+ {[%emt 0:00:29]} 39. Kd2 {[%emt 0:00:16]} Rxa4 {[%emt 0:02:41]} 40. Ra1 {[%emt 0:00:25]} Ba2 {[%emt 0:08:19]} 41. Rec1 {[%emt 0:03:20]} Bd6 {[%emt 0:04:27]} 42. fxe5 {[%emt 0:05:45]} Bxe5 {[%emt 0:01:04]} 43. Rc6+ {[%emt 0:00:07]} Kd5 {[%emt 0:01:51]} 44. Rac1 {[%emt 0:00:07]} Rd4+ {[%emt 0:01:13]} 45. Ke2 {[%emt 0:00:37]} Bc4+ {[%emt 0:00:46]} 46. R6xc4 {[%emt 0:00:06]} Rd3 {[%emt 0:01:14]} 47. Rc6 {[%emt 0:06:32]} Bd6 {[%emt 0:00:53]} 48. Ne3+ {[%emt 0:01:17]} 1-0

[Event "Schachfestival Open-A 2018"]
[Site "Lueneburg"]
[Date "2018.07.11"]
[Round "7"]
[White "Bente, Bjoern"]
[Black "Bosselmann, Tom Linus"]
[Result "1-0"]
[WhiteElo "2219"]
[BlackElo "2036"]
[Annotator "NA"]
[PlyCount "49"]
[EventDate "2018.07.06"]
[EventType "swiss"]
[EventCountry "GER"]
[SourceTitle "playchess.com"]
[Source "ChessBase"]
[SourceQuality "1"]
[TimeControl "40/5400+30:1800+30"]

1. e4 {[%emt 0:00:00]} c5 {[%emt 0:00:00]} 2. Nf3 {[%emt 0:00:07]} a6 {[%emt 0:00:00]} 3. Nc3 {[%emt 0:00:11]} d6 {[%emt 0:02:19]} 4. d4 {[%emt 0:00:19]} cxd4 {[%emt 0:00:08]} 5. Nxd4 {[%emt 0:00:04]} Nf6 {[%emt 0:00:10]} 6. f3 {[%emt 0:00:22]} e5 {[%emt 0:00:25]} 7. Nb3 {[%emt 0:00:04]} Be6 {[%emt 0:00:06]} 8. Be3 {[%emt 0:00:10]} Be7 {[%emt 0:00:14]} 9. g4 {[%emt 0:00:30]} Qc7 {[%emt 0:00:26]} 10. Qd2 {[%emt 0:00:43]} O-O {[%emt 0:00:54]} 11. O-O-O {[%emt 0:00:53]} Nbd7 {[%emt 0:00:14]} 12. h4 {[%emt 0:04:47]} b5 {[%emt 0:01:23]} 13. Qf2 {[%emt 0:05:47]} b4 {[%emt 0:01:12]} 14. Nd5 {[%emt 0:00:04]} Bxd5 {[%emt 0:00:11]} 15. exd5 {[%emt 0:00:04]} Nc5 {[%emt 0:10:24]} 16. Kb1 {[%emt 0:03:43]} Rfb8 {[%emt 0:03:11]} 17. h5 {[%emt 0:01:42]} a5 {[%emt 0:04:35]} 18. g5 {[%emt 0:00:30]} Ne8 {[%emt 0:00:57]} 19. g6 {[%emt 0:00:32]} a4 {[%emt 0:01:25]} 20. Nxc5 {[%emt 0:09:47]} dxc5 {[%emt 0:01:01]} 21. gxf7+ {[%emt 0:02:42]} Kxf7 {[%emt 0:00:03]} 22. h6 {[%emt 0:05:19]} c4 {[%emt 0:04:45]} 23. hxg7 {[%emt 0:01:00]} Kxg7 {[%emt 0:00:57]} 24. Qg3+ {[%emt 0:01:10]} Kh8 {[%emt 0:01:42]} 25. Rxh7+ {[%emt 0:03:45]} 1-0

[Event "Schachfestival Open-A 2018"]
[Site "Lueneburg"]
[Date "2018.07.11"]
[Round "7"]
[White "Poeck, Ole"]
[Black "Bogachkova, Alena"]
[Result "0-1"]
[WhiteElo "2195"]
[BlackElo "2135"]
[Annotator "NA"]
[PlyCount "128"]
[EventDate "2018.07.06"]
[EventType "swiss"]
[EventCountry "GER"]
[SourceTitle "playchess.com"]
[Source "ChessBase"]
[SourceQuality "1"]
[TimeControl "40/5400+30:1800+30"]

1. e4 {[%emt 0:00:00]} e6 {[%emt 0:01:04]} 2. d4 {[%emt 0:00:00]} d5 {[%emt 0:00:03]} 3. Nc3 {[%emt 0:00:00]} Bb4 {[%emt 0:00:05]} 4. exd5 {[%emt 0:00:00]} exd5 {[%emt 0:00:03]} 5. Bd3 {[%emt 0:00:06]} Ne7 {[%emt 0:09:44]} 6. Nge2 {[%emt 0:03:46]} c6 {[%emt 0:01:16]} 7. Ng3 {[%emt 0:00:07]} Ng6 {[%emt 0:15:05]} 8. O-O {[%emt 0:05:43]} O-O {[%emt 0:02:25]} 9. Qh5 {[%emt 0:00:13]} Nd7 {[%emt 0:07:12]} 10. Bg5 {[%emt 0:04:20]} Nf6 {[%emt 0:09:24]} 11. Qf3 {[%emt 0:02:21]} Be7 {[%emt 0:00:11]} 12. Nf5 {[%emt 0:01:05]} Bxf5 {[%emt 0:01:26]} 13. Qxf5 {[%emt 0:00:20]} h6 {[%emt 0:02:53]} 14. Bd2 {[%emt 0:11:02]} Bd6 {[%emt 0:04:12]} 15. Rae1 {[%emt 0:07:30]} Bc7 {[%emt 0:05:47]} 16. g3 {[%emt 0:02:49]} Qd6 {[%emt 0:03:00]} 17. Ne2 {[%emt 0:01:09]} Nh4 {[%emt 0:03:52]} 18. Qf4 {[%emt 0:06:57]} Qxf4 {[%emt 0:00:53]} 19. Bxf4 {[%emt 0:00:08]} Nf3+ {[%emt 0:00:48]} 20. Kh1 {[%emt 0:00:06]} Nxe1 {[%emt 0:02:11]} 21. Rxe1 {[%emt 0:00:34]} Bxf4 {[%emt 0:00:09]} 22. Nxf4 {[%emt 0:00:16]} Rfe8 {[%emt 0:00:49]} 23. Rd1 {[%emt 0:00:02]} Re7 {[%emt 0:02:26]} 24. Kg1 {[%emt 0:00:01]} Rae8 {[%emt 0:01:41]} 25. Ng2 {[%emt 0:00:10]} g6 {[%emt 0:02:19]} 26. f3 {[%emt 0:00:47]} b6 {[%emt 0:00:30]} 27. Kf2 {[%emt 0:00:14]} c5 {[%emt 0:00:45]} 28. c3 {[%emt 0:00:25]} Kg7 {[%emt 0:02:09]} 29. Nf4 {[%emt 0:02:11]} c4 {[%emt 0:00:57]} 30. Bf1 {[%emt 0:01:08]} b5 {[%emt 0:00:09]} 31. a3 {[%emt 0:02:34]} a5 {[%emt 0:01:06]} 32. Ra1 {[%emt 0:00:23]} Rb7 {[%emt 0:01:02]} 33. Ng2 {[%emt 0:00:34]} b4 {[%emt 0:01:43]} 34. axb4 {[%emt 0:00:06]} axb4 {[%emt 0:00:01]} 35. Ne3 {[%emt 0:00:43]} bxc3 {[%emt 0:03:22]} 36. bxc3 {[%emt 0:00:26]} Rb3 {[%emt 0:00:06]} 37. Nd1 {[%emt 0:00:36]} Nd7 {[%emt 0:02:57]} 38. Bg2 {[%emt 0:03:31]} Kf8 {[%emt 0:11:39]} 39. f4 {[%emt 0:04:37]} Nf6 {[%emt 0:00:38]} 40. h3 {[%emt 0:02:29]} Kg7 {[%emt 0:01:56]} 41. Bf3 {[%emt 0:30:25]} Re7 {[%emt 0:31:29]} 42. Bg2 {[%emt 0:02:40]} h5 {[%emt 0:00:36]} 43. Bf3 {[%emt 0:00:18]} Re8 {[%emt 0:00:53]} 44. Bg2 {[%emt 0:00:06]} Rbb8 {[%emt 0:00:25]} 45. Rc1 {[%emt 0:02:59]} Ra8 {[%emt 0:00:34]} 46. Rc2 {[%emt 0:00:20]} Ra5 {[%emt 0:00:00]} 47. Ne3 {[%emt 0:00:00]} Rea8 {[%emt 0:00:00]} 48. Re2 {[%emt 0:00:00]} Ra2 {[%emt 0:00:00]} 49. Bxd5 {[%emt 0:00:00]} Rxe2+ {[%emt 0:00:00]} 50. Kxe2 {[%emt 0:00:00]} Ra2+ {[%emt 0:00:00]} 51. Kf3 {[%emt 0:00:00]} Nxd5 {[%emt 0:00:00]} 52. Nxd5 {[%emt 0:00:00]} Rd2 {[%emt 0:00:00]} 53. f5 {[%emt 0:00:00]} g5 {[%emt 0:00:00]} 54. f6+ {[%emt 0:00:00]} Kg6 {[%emt 0:00:00]} 55. g4 {[%emt 0:00:00]} h4 {[%emt 0:00:00]} 56. Ke4 {[%emt 0:00:00]} Rh2 {[%emt 0:00:00]} 57. Ke5 {[%emt 0:00:00]} Rxh3 {[%emt 0:00:00]} 58. Ne7+ {[%emt 0:00:00]} Kh7 {[%emt 0:00:00]} 59. d5 {[%emt 0:00:00]} Rd3 {[%emt 0:00:00]} 60. d6 {[%emt 0:00:00]} h3 {[%emt 0:00:00]} 61. Nd5 {[%emt 0:00:00]} h2 {[%emt 0:00:00]} 62. d7 {[%emt 0:00:00]} h1=Q {[%emt 0:00:00]} 63. d8=Q {[%emt 0:00:00]} Qe1+ {[%emt 0:00:00]} 64. Kf5 {[%emt 0:00:00]} Qe6+ {[%emt 0:00:00]} 0-1

[Event "Schachfestival Open-A 2018"]
[Site "Lueneburg"]
[Date "2018.07.11"]
[Round "7"]
[White "Ramme, Christoph"]
[Black "Simantsev, Mikhail"]
[Result "0-1"]
[WhiteElo "2158"]
[BlackElo "2434"]
[Annotator "TA"]
[PlyCount "98"]
[EventDate "2018.07.06"]
[EventType "swiss"]
[EventCountry "GER"]
[SourceTitle "playchess.com"]
[Source "ChessBase"]
[SourceQuality "1"]

{[%evp 22,98,7,-4,0,0,0,0,0,0,-6,-38,-9,-12,-10,-4,-9,-8,0,-66,-59,-81,-73,-66,-45,-43,-29,-32,-28,-52,-50,-34,-29,-28,-27,-27,-33,-51,0,-26,-29,-23,-14,-39,-34,-61,-77,-80,-31,-36,-41,-60,-34,-38,-31,-189,-87,-192,-81,-69,-54,-79,0,0,0,-96,0,0,0,0,0,0,0,-29983,-29984,-29989,-29990,-29996,-29986]} 1. d4 Nf6 2. c4 e6 3. Nc3 Bb4 4. e3 c5 5. Bd3 cxd4 6. exd4 O-O 7. Nf3 d5 8. O-O dxc4 9. Bxc4 a6 10. Qe2 b5 11. Bb3 Bb7 12. Bg5 {LiveBook: 21 Partien} h6 {E54: Nimzoindisch (Moderne Variante)} (12... Bxc3 13. bxc3 Nbd7 14. Ne5 Qc7 15. Nxd7 Nxd7 16. c4 bxc4 17. Bxc4 Qc6 18. f3 Qd6 19. Qd2 Bd5 20. Be2 Rfc8 21. Rfc1 Qa3 22. Bf4 Rxc1+ 23. Rxc1 Qxa2 24. Qxa2 Bxa2 25. Ra1 Bd5 26. Rxa6 Rxa6 27. Bxa6 h6 {½-½ (27) Shulman,Y (2588)-So,W (2650) Philadelphia 2012}) 13. Bh4 Bxc3 $146 ({Vorgänger:} 13... Nbd7 14. Ne5 Nxe5 15. dxe5 Qd4 16. Bg3 Bxc3 17. bxc3 Qe4 18. Qxe4 Nxe4 19. c4 Rfc8 20. cxb5 axb5 {0-1 (32) Eeckhout,J (2096)-Paessler,H (2269) ICCF email 2005}) 14. bxc3 Nbd7 {Die Stellung ist ausgeglichen.} 15. Ne5 Qc7 16. c4 bxc4 17. Bxc4 Rfc8 {[#] Und ...Sxe5 würde nun gewinnen.} 18. Rac1 Nxe5 19. dxe5 Nd7 20. Rfe1 (20. Qd2 $11 Qc6 21. f4) 20... Nb6 $15 {[%cal Rb6c4]} 21. Bd5 $1 Qxc1 22. Bxb7 Qc4 23. Qxc4 Rxc4 24. Bxa8 Nxa8 {[%mdl 4096] Endspiel KTL-KTS} 25. Be7 Nb6 26. g3 Nd5 27. Bd6 Rc2 28. a3 Nc3 29. Bb4 Nd5 (29... g5 $15) 30. Rb1 g5 31. Bd6 g4 32. Rb8+ Kg7 33. Ra8 Nc3 34. Rxa6 Ne4 35. Ra4 Nxf2 36. Kf1 h5 37. Rd4 Nh3 38. Ke1 $2 (38. Rd3 $1 $15) 38... Ng5 (38... Rxh2 $19 {ist viel giftiger.} 39. Rd3 Rh1+ 40. Ke2 Ra1) 39. Rd3 (39. Kd1 $17 {war die einzige Verteidigung.} Rxh2 40. a4) 39... Rxh2 (39... Ra2 $19 {bietet bessere Gewinnchancen.} 40. Kd1 Rxh2) 40. a4 $17 Nf3+ 41. Kf1 Rh1+ (41... Rc2 $17 42. Ra3 Nd2+ 43. Kg1 Rc1+ 44. Kf2 Ne4+ 45. Ke2 Rc3) 42. Kf2 $11 Rh2+ (42... Rc1 $11) 43. Kf1 $17 h4 ({Besser ist} 43... Rc2 $17 {Droht stark ...Kg6.} 44. Ra3 Nd2+ 45. Kg1 Nc4) 44. gxh4 $11 Kg6 {...Kf5 ist eine echte Drohung.} 45. a5 Kf5 46. Ra3 $1 {Schwarz muss nun a6 beachten.} Kf4 {zielt auf ...g3 ab.} (46... Ke4 $5 47. Ra4+ $8 Kf5 $11) 47. Bc5 $2 {[%mdl 8192] [#]} (47. Ra4+ $11 Kg3 48. Bc5) 47... g3 {Schwarz setzt Matt.} 48. Bg1 Rc2 {[%csl Gc2][%cal Rg3g2]} 49. Ra4+ Kxe5 {Precision: Weiß = 46%, Schwarz = 54%.} 0-1

[Event "Schachfestival Open-A 2018"]
[Site "Lueneburg"]
[Date "2018.07.11"]
[Round "7"]
[White "Utiatskaja, Irina"]
[Black "Vorobiov, Evgeny E"]
[Result "0-1"]
[WhiteElo "2155"]
[BlackElo "2564"]
[Annotator "RC"]
[PlyCount "116"]
[EventDate "2018.07.06"]
[EventType "swiss"]
[EventCountry "GER"]
[SourceTitle "playchess.com"]
[Source "ChessBase"]
[SourceQuality "1"]
[TimeControl "40/5400+30:1800+30"]

1. e4 {[%emt 0:00:06]} c5 {[%emt 0:00:00]} 2. Nf3 {[%emt 0:00:10]} d6 {[%emt 0:00:00]} 3. Bb5+ {[%emt 0:00:56]} Nd7 {[%emt 0:00:05]} 4. O-O {[%emt 0:00:34]} a6 {[%emt 0:00:23]} 5. Bd3 {[%emt 0:01:07]} Ngf6 {[%emt 0:01:13]} 6. c3 {[%emt 0:05:32]} b5 {[%emt 0:04:38]} 7. Bc2 {[%emt 0:00:40]} Bb7 {[%emt 0:00:13]} 8. Re1 {[%emt 0:00:04]} Qc7 {[%emt 0:02:17]} 9. a4 {[%emt 0:02:36]} b4 {[%emt 0:00:56]} 10. a5 {[%emt 0:00:35]} e6 {[%emt 0:02:41]} 11. d3 {[%emt 0:05:08]} bxc3 {[%emt 0:02:58]} 12. bxc3 {[%emt 0:01:06]} Be7 {[%emt 0:00:42]} 13. Nbd2 {[%emt 0:12:35]} O-O {[%emt 0:03:33]} 14. Nc4 {[%emt 0:01:49]} d5 {[%emt 0:04:03]} 15. exd5 {[%emt 0:12:46]} Nxd5 {[%emt 0:00:57]} 16. Ra3 {[%emt 0:01:12]} Bf6 {[%emt 0:04:09]} 17. Bd2 {[%emt 0:00:05]} h6 {[%emt 0:08:28]} 18. Qe2 {[%emt 0:03:21]} Nf4 {[%emt 0:11:30]} 19. Bxf4 {[%emt 0:10:50]} Qxf4 {[%emt 0:00:06]} 20. Nce5 {[%emt 0:01:45]} Rfd8 {[%emt 0:12:58]} 21. Ra4 {[%emt 0:09:58]} Bxf3 {[%emt 0:01:12]} 22. Nxf3 {[%emt 0:00:05]} Qd6 {[%emt 0:01:30]} 23. d4 {[%emt 0:02:23]} cxd4 {[%emt 0:00:47]} 24. cxd4 {[%emt 0:01:11]} Rab8 {[%emt 0:02:07]} 25. h3 {[%emt 0:04:06]} g6 {[%emt 0:04:14]} 26. Ne5 {[%emt 0:06:49]} Kg7 {[%emt 0:06:21]} 27. Rc4 {[%emt 0:04:28]} Rbc8 {[%emt 0:09:47]} 28. Bb3 {[%emt 0:06:00]} Bxe5 {[%emt 0:03:39]} 29. dxe5 {[%emt 0:00:13]} Qa3 {[%emt 0:00:16]} 30. Rxc8 {[%emt 0:01:52]} Rxc8 {[%emt 0:00:05]} 31. Qxa6 {[%emt 0:01:21]} Rc5 {[%emt 0:01:24]} 32. Qd6 {[%emt 0:03:40]} Nxe5 {[%emt 0:03:45]} 33. Qd4 {[%emt 0:00:20]} Qxa5 {[%emt 0:00:23]} 34. Re3 {[%emt 0:00:46]} Kg8 {[%emt 0:04:26]} 35. f4 {[%emt 0:00:02]} Nc6 {[%emt 0:01:00]} 36. Qd7 {[%emt 0:00:30]} Qa1+ {[%emt 0:01:58]} 37. Kh2 {[%emt 0:00:04]} Qd4 {[%emt 0:01:13]} 38. Qxd4 {[%emt 0:01:22]} Nxd4 {[%emt 0:00:04]} 39. Bd1 {[%emt 0:00:29]} g5 {[%emt 0:02:34]} 40. Re4 {[%emt 0:00:29]} Rd5 {[%emt 0:00:21]} 41. fxg5 {[%emt 0:06:38]} hxg5 {[%emt 0:00:25]} 42. Rg4 {[%emt 0:06:47]} f6 {[%emt 0:08:12]} 43. h4 {[%emt 0:05:27]} Kg7 {[%emt 0:01:16]} 44. hxg5 {[%emt 0:06:49]} f5 {[%emt 0:00:46]} 45. Rh4 {[%emt 0:02:48]} Kg6 {[%emt 0:00:15]} 46. Rh8 {[%emt 0:00:44]} Kxg5 {[%emt 0:00:28]} 47. Rg8+ {[%emt 0:00:27]} Kf6 {[%emt 0:03:21]} 48. Bf3 {[%emt 0:00:29]} Ra5 {[%emt 0:01:06]} 49. Rb8 {[%emt 0:01:11]} e5 {[%emt 0:00:57]} 50. Rb4 {[%emt 0:01:42]} Kg5 {[%emt 0:00:34]} 51. Bb7 {[%emt 0:00:45]} Ra1 {[%emt 0:01:23]} 52. Kg3 {[%emt 0:00:35]} Ra2 {[%emt 0:02:12]} 53. Rc4 {[%emt 0:00:49]} f4+ {[%emt 0:01:25]} 54. Kh3 {[%emt 0:00:49]} Ra7 {[%emt 0:06:15]} 55. Rb4 {[%emt 0:01:04]} Ra1 {[%emt 0:01:13]} 56. Kh2 {[%emt 0:00:07]} Nf5 {[%emt 0:01:41]} 57. Be4 {[%emt 0:00:48]} Ng3 {[%emt 0:00:47]} 58. Bb1 {[%emt 0:00:08]} Nf1+ {[%emt 0:00:29]} 0-1

[Event "Schachfestival Open-A 2018"]
[Site "Lueneburg"]
[Date "2018.07.11"]
[Round "7"]
[White "Puschendorf, Steffen"]
[Black "Ploder, Udo"]
[Result "1/2-1/2"]
[WhiteElo "2153"]
[BlackElo "1874"]
[Annotator "NA"]
[PlyCount "57"]
[EventDate "2018.07.06"]
[EventType "swiss"]
[EventCountry "GER"]
[SourceTitle "playchess.com"]
[Source "ChessBase"]
[SourceQuality "1"]
[TimeControl "40/5400+30:1800+30"]

1. d4 {[%emt 0:00:00]} Nf6 {[%emt 0:00:00]} 2. c4 {[%emt 0:00:00]} c5 {[%emt 0:00:00]} 3. d5 {[%emt 0:00:00]} b5 {[%emt 0:00:02]} 4. cxb5 {[%emt 0:00:00]} a6 {[%emt 0:00:06]} 5. bxa6 {[%emt 0:00:00]} g6 {[%emt 0:00:12]} 6. Nc3 {[%emt 0:00:14]} Bg7 {[%emt 0:00:16]} 7. g3 {[%emt 0:00:19]} O-O {[%emt 0:01:15]} 8. Bg2 {[%emt 0:00:04]} d6 {[%emt 0:00:56]} 9. Nh3 {[%emt 0:00:13]} Nxa6 {[%emt 0:04:56]} 10. O-O {[%emt 0:08:33]} Qb6 {[%emt 0:02:26]} 11. Nf4 {[%emt 0:06:52]} Bd7 {[%emt 0:06:03]} 12. Rb1 {[%emt 0:05:22]} Rfb8 {[%emt 0:01:10]} 13. Bd2 {[%emt 0:04:02]} Nc7 {[%emt 0:04:47]} 14. a3 {[%emt 0:06:09]} Ng4 {[%emt 0:07:34]} 15. Nd3 {[%emt 0:07:06]} Nb5 {[%emt 0:06:14]} 16. Nxb5 {[%emt 0:09:38]} Bxb5 {[%emt 0:00:26]} 17. Bf4 {[%emt 0:10:59]} Qa6 {[%emt 0:03:53]} 18. Qc2 {[%emt 0:13:12]} Ba4 {[%emt 0:05:44]} 19. b3 {[%emt 0:01:07]} Bxb3 {[%emt 0:06:54]} 20. Rxb3 {[%emt 0:03:56]} Rxb3 {[%emt 0:00:16]} 21. Qxb3 {[%emt 0:00:10]} c4 {[%emt 0:00:10]} 22. Qb4 {[%emt 0:00:58]} cxd3 {[%emt 0:00:29]} 23. exd3 {[%emt 0:00:15]} Qxa3 {[%emt 0:00:55]} 24. Bxd6 {[%emt 0:00:58]} exd6 {[%emt 0:01:32]} 25. Qxg4 {[%emt 0:00:07]} Qxd3 {[%emt 0:01:45]} 26. Qd7 {[%emt 0:03:15]} Be5 {[%emt 0:07:02]} 27. h4 {[%emt 0:01:11]} Ra2 {[%emt 0:00:59]} 28. Qg4 {[%emt 0:01:52]} h5 {[%emt 0:01:45]} 29. Qe4 {[%emt 0:01:46]} 1/2-1/2

[Event "Schachfestival Open-A 2018"]
[Site "Lueneburg"]
[Date "2018.07.11"]
[Round "7"]
[White "Moeller, Dustin"]
[Black "Karpatchev, Aleksandr"]
[Result "0-1"]
[WhiteElo "2140"]
[BlackElo "2469"]
[Annotator "TA"]
[PlyCount "104"]
[EventDate "2018.07.06"]
[EventType "swiss"]
[EventCountry "GER"]
[SourceTitle "playchess.com"]
[Source "ChessBase"]
[SourceQuality "1"]

{[%evp 12,104,13,6,8,16,5,0,0,-6,0,-5,0,-31,0,-29,0,-39,0,0,0,-41,-60,-70,-82,-81,-72,-68,-72,-70,-11,-8,0,-17,-18,-14,-23,-50,-32,-33,-21,-35,-35,-37,-18,-16,-19,-57,-52,-67,0,-11,0,-62,-69,-63,-63,-75,-68,-68,-68,-108,-68,-77,-62,-91,-13,-56,-14,-14,-7,-14,-7,-7,-7,-14,-7,-7,-7,-169,-17,-502,-511,-1033,-1011,-1005,-1004,-1000,-915,-989,-837,-951,-883,-1178,-1177]} 1. Nf3 d5 2. e3 Nf6 3. c4 e6 4. Nc3 c5 5. d4 a6 6. dxc5 Bxc5 7. a3 {LiveBook: 97 Games} Bd6 {D40: Queen's Gambit Declined: Semi-Tarrasch with 5 e3} (7... O-O 8. b4 Ba7 9. Bb2 Qe7 10. cxd5 Rd8 11. Bd3 exd5 12. Ne2 Bg4 13. Ned4 Bxd4 14. Bxd4 Nc6 15. Bc5 {0-1 (59) Eljanov,P (2717)-Grischuk,A (2774) Berlin 2015}) 8. cxd5 exd5 9. h3 $146 ({But not} 9. Nxd5 $2 Nxd5 10. e4 Ne7 $19) ({Predecessor:} 9. Be2 O-O 10. O-O Nc6 11. b4 Be6 12. Bb2 Qe7 13. b5 axb5 14. Nxb5 Bc5 15. Nfd4 Ne4 16. Bd3 Nxd4 17. exd4 Bb6 18. a4 Rfd8 19. Qe2 Qg5 20. Bc1 {½-½ (27) Hansen,L (2569)-Vitiugov,N (2616) Bornholm 2008}) 9... O-O {The position is equal.} 10. Bd3 Nc6 11. O-O Re8 12. Qc2 h6 13. e4 Be6 14. Re1 Rc8 (14... dxe4 {feels hotter.} 15. Nxe4 Ne5 16. Nxe5 Bxe5 17. Nc3 Bc7) 15. exd5 $1 Nxd5 16. Bf5 Bxf5 17. Rxe8+ Qxe8 18. Qxf5 Nce7 19. Qg4 Nxc3 20. bxc3 f5 ({Black should try} 20... Ng6 $15) 21. Qd4 $11 Rd8 {White must now prevent ...Bh2+!} (21... Qc6 {looks sharper.} 22. Bd2 Rd8 23. Kf1 Rd7 24. a4 Bc5) 22. Qc4+ (22. Qb6 {is interesting.} Rd7 23. Qb1 Qf7 24. Be3 Nd5 25. Bd4) 22... Qf7 23. Qxf7+ Kxf7 24. Be3 Nd5 25. Bd4 Rc8 26. Kf1 g5 27. Ne5+ Bxe5 28. Bxe5 $15 {[%mdl 4096] Endgame KRB-KRN} Rc4 29. Rd1 Ke6 30. Re1 Kf7 (30... Re4 $15 31. Rxe4 fxe4) 31. Rd1 $1 $11 {[%cal Rd1d5]} Ke6 ({Better is} 31... Rc5 $11) 32. Re1 $15 Re4 33. Rxe4 fxe4 {KB-KN} 34. Bd4 b5 35. g3 h5 {[%cal Bh6h5,Bh5g4][%mdl 32]} 36. Ke2 g4 37. hxg4 hxg4 38. Kd2 a5 (38... Kd7 $17) 39. Ke2 a4 40. Kd2 Kd7 41. Ke2 Ke7 42. Bc5+ Ke6 43. Bd4 Kd6 44. Kd2 Kc6 45. Ke2 $2 (45. Be3 $1 $11) 45... Nc7 $2 (45... Ne7 $1 $19 {Threatens to win with ...Kd5.} 46. Bf6 Nf5) 46. Kd2 $2 {[%mdl 8192] [#]} (46. Ke3 $11 {and White stays safe.}) 46... Kd5 $1 $19 {[%cal Rd5c4] Black is clearly winning.} 47. Be3 (47. Ke3 $142 Kc4 48. Kd2 (48. Kxe4 Nd5 $17)) 47... Kc4 48. Kc2 Nd5 49. Bd2 {[#]} e3 $1 {[%mdl 512]} 50. Bxe3 Nxc3 51. Bf4 Ne2 52. Be3 {[#]} Nd4+ $1 {Precision: White = 33%, Black = 45%.} 0-1